Brevísimo tópicos para la historia chiquita y otros ensayos / (Registro nro. 13579)

Detalles MARC
000 -LIDER
fixed length control field 01072nam a2200337 a 4500
001 - NÚMERO DE CONTROL
Identificador de número de control
003 - IDENTIFICACDOR DE NÚMERO DE CONTROL
control field DO-SdBNP
005 - DATE AND TIME OF LATEST TRANSACTION
control field 20210719111050.0
008 - ELEMENTOS DE LONGITUD FIJA
fixed length control field 170202s2014 dr 000 0 spa d
020 ## - ISBN
International Standard Book Number 9789945590036
040 ## - FUENTE DE CATALOGACIÓN
Agencia que crea de manera original el registro BPMSU
Idioma de catalogación spa
Agencia que realiza la transcripción BPMSU
082 ## - NÚMERO DE CLASIFICACIÓN DECIMAL DE DEWEY
Classification number RD864.5
Item number P925b
Edition number 22
111 2# - ASIENTO PRINCIPAL--NOMBRE DE REUNIÓN O CONFERENCIA
Nombre de reunión o jurisdicción como elemento de entrada Premios FUNGLOD
Fecha de la reunión (2013 :
Lugar de la reunión Santo Domingo )
245 10 - MENCIÓN DE TITULO
Título Brevísimo tópicos para la historia chiquita y otros ensayos /
Mención de responsabilidad Pedro Carreras... [et al.].
260 ## - PUBLICACIÓN, DISTRIBUCIÓN, ETC. (PIE DE IMPRENTA)
Lugar de publicación, distribución, etc Santo Domingo :
Nombre del editor, distribuidor, etc. FUNGLODE,
Fecha de publicación, distribución, etc 2014.
300 ## - DESCRIPCIÓN FÍSICA
Extensión 264 p. ;
Dimensiones 23 cm.
490 0# - MENCIÓN DE SERIES
Mención de serie Premios
500 ## - NOTA GENERAL
Nota general Incluye referencias bibliográficas y notas al pie de las páginas
504 ## - NOTA DE BIBLIOGRAFÍA, ETC.
Bibliography, etc Bibliografía : p. 265
586 ## - AWARDS NOTE
Awards note Premios FUNGLODE DE Ensayo Pedro Francisco Bonó 2013
590 ## - NOTA LOCAL
Enlace Inventariado, 2021/VM
650 #4 - ENCABEZAMIENTO DE MATERIA--TEMÁTICO
Término temático o nombre geográfico como elemento de entrada Ensayos dominicanos
650 #4 - ENCABEZAMIENTO DE MATERIA--TEMÁTICO
Término temático o nombre geográfico como elemento de entrada Literatura dominicana
650 #4 - ENCABEZAMIENTO DE MATERIA--TEMÁTICO
Término temático o nombre geográfico como elemento de entrada Certámenes literarios
Subdivisión geográfica República Dominicana
700 1# - ASIENTO SECUNDARIO -- NOMBRE PERSONAL
Nombre personal Anzellotti, Marlon
700 1# - ASIENTO SECUNDARIO -- NOMBRE PERSONAL
Nombre personal Soldevilla, Enrique
700 1# - ASIENTO SECUNDARIO -- NOMBRE PERSONAL
Nombre personal Galán, Bismar
710 ## - ASIENTO SECUNDARIO -- NOMBRE CORPORATIVO
Nombre corporativo o de jurisdicción
910 ## - VALIDACIÓN
Validación VMateo V.
942 ## - ADDED ENTRY ELEMENTS (KOHA)
Source of classification or shelving scheme Dewey Decimal Classification
Koha item type Libros
Existencias
Withdrawn status Lost status Source of classification or shelving scheme Damaged status Not for loan Collection code Home library Current library Date acquired Source of acquisition Full call number Barcode Date last seen Price effective from Koha item type
    Dewey Decimal Classification     Colección Dominicana Biblioteca Pública Metropolitana Salomé Ureña Biblioteca Pública Metropolitana Salomé Ureña 07/19/2021 FUNGLODE BPMSU CD RD864.5 P925b 2014 BPMSU21070011 07/19/2021 07/19/2021 Libros